| 000 | 00687nam a2200193Ia 4500 | ||
|---|---|---|---|
| 008 | 151121s9999||||xx |||||||||||||| ||und|| | ||
| 082 | _a690/महाले | ||
| 082 | _bHNW-112747 | ||
| 100 | _aमहाले रमेश | ||
| 245 | _aप्राण्यांच्या गमती | ||
| 260 | _b"दिलीपराज प्रकाशन प्रा। लि।, पुणे।" | ||
| 260 | _c2010 | ||
| 300 | _a104 | ||
| 600 | _aमहाले रमेश | ||
| 630 | _aप्राण्यांच्या गमती | ||
| 700 | _aमहाले रमेश | ||
| 730 | _aप्राण्यांच्या गमती | ||
| 942 | _cBOOK | ||
| 999 |
_c1262024 _d1262021 |
||